|
|
|
|
| LEADER |
00000nam0a2200000 4500 |
| 001 |
261677 |
| 005 |
20231101233602.0 |
| 035 |
|
|
|a (RuTPU)RU\TPU\book\284658
|
| 090 |
|
|
|a 261677
|
| 100 |
|
|
|a 20140526d1987 k y0rusy50 ca
|
| 101 |
0 |
|
|a rus
|
| 102 |
|
|
|a RU
|
| 105 |
|
|
|a a z 001zy
|
| 200 |
1 |
|
|a Геологические и геофизические методы и средства прогнозирования нарушенности угольных пластов и пород
|e сборник научных трудов
|f Всесоюзный научно-исследовательский институт горной механики им. М. М. Федорова ; под ред. Н. А. Филатова
|
| 210 |
|
|
|a Ленинград
|c Изд-во ВНИМИ
|d 1987
|
| 215 |
|
|
|a 84 с.
|c ил.
|
| 320 |
|
|
|a Библиография в конце работ
|
| 606 |
1 |
|
|a Горное давление
|x Геофизические исследования
|2 stltpush
|3 (RuTPU)RU\TPU\subj\7557
|9 35166
|
| 610 |
1 |
|
|a угольные пласты
|
| 610 |
1 |
|
|a нарушение
|
| 610 |
1 |
|
|a геологические методы
|
| 610 |
1 |
|
|a геофизические методы
|
| 610 |
1 |
|
|a прогнозирование
|
| 675 |
|
|
|a 622.831.1
|v 3
|
| 702 |
|
1 |
|a Филатов
|b Н. А.
|4 340
|
| 712 |
0 |
2 |
|a Всесоюзный научно-исследовательский институт горной механики им. М. М. Федорова
|2 stltpush
|3 (RuTPU)RU\TPU\col\9526
|9 24706
|
| 801 |
|
1 |
|a RU
|b 63413507
|c 20140526
|
| 801 |
|
2 |
|a RU
|b 63413507
|c 20160606
|g RCR
|
| 942 |
|
|
|c BK
|